000 00509nam a2200169 i 4500
001 44747
003 ES-MaACL
005 20230906161104.0
007 t|
008 030324s1966 sp ||||1| spa d
100 1 _aClifford, Martin.
_939250
245 1 0 _aManual de datos electrónicos /
_cpor Martin Clifford ; [traducido por Angel G. Aranda].
260 _aMadrid :
_bParaninfo,
_c1966.
300 _a177 p. :
_bil. ;
_c22 cm.
700 1 _aAranda, Angel G.
_922278
852 _aES-MaACL
_jC-30758
_bR.61329
999 _c44747
_d44747